Normal view
MARC view
Entry Personal Name
001 - CONTROL NUMBER
- control field: 26596
003 - CONTROL NUMBER IDENTIFIER
- control field: OSt
005 - DATE AND TIME OF LATEST TRANSACTION
- control field: 20220330121350.0
008 - FIXED-LENGTH DATA ELEMENTS
- fixed length control field: 220330|| aca||aabn | a|a d
040 ## - CATALOGING SOURCE
- Original cataloging agency: OSt
- Transcribing agency: OSt
100 ## - HEADING--PERSONAL NAME
- Personal name: Shree Padre: ಶ್ರೀ ಪಡ್ರೆ
670 ## - SOURCE DATA FOUND
- Source citation: Work cat.: (OSt)221928: Shree Padre: ಶ್ರೀ ಪಡ್ರೆ , Baalekaayi sothaaga oorugolaada baakaahu: ಬಾಳೆಕಾಯಿ ಸೋತಾಗ ಊರುಗೋಲಾದ ಬಾಕಾಹು , 2021